000 00688cam a2200241 a 4500
008
020 _a025613619X
049 _aMAIN
090 _aHD30.28
_bBYA
100 1 _aByars, Lloyd L.
245 1 0 _aStrategic management /
_cLloyd L. Byars, Leslie W. Rue, Shaker A. Zahra.
260 _aChicago :
_bIrwin,
_c1996.
300 _axi, 366 p. :
_bill. ;
_c24 cm.
500 _aIncludes index.
650 0 _aStrategic planning
_xCase studies.
700 1 _aRue, Leslie W.
700 1 _aZahra, Shaker A.
907 _a.b10334221
_b20-03-14
_c17-07-13
003
005 20230123122025.0
040 _cNUST
942 _cBOOKS
_kHD30.28
_mBYA
999 _c126482
_d126482